Catálogo
 En Linea
Vista normal Vista MARC

Entrada Nombre de reunión

Número de registros utilizados en: 1

001 - NÚMERO DE CONTROL

  • campo de control: 54151

003 - IDENTIFICADOR DEL NÚMERO DE CONTROL

  • campo de control: OSt

005 - FECHA Y HORA DE LA ÚLTIMA TRANSACCIÓN

  • campo de control: 20200615034558.0

008 - DATOS DE LONGITUD FIJA

  • campo de control de longitud fija: 200615|| aca||aabn | a|a d

040 ## - FUENTE DE LA CATALOGACIÓN

  • Centro catalogador/agencia de origen: OSt
  • Centro/agencia transcriptor: OSt

111 ## - ENCABEZAMIENTO--NOMBRE DE CONGRESO/REUNIÓN

  • Nombre de congreso/reunión o jurisdicción como elemento de entrada: Festival Internacional de Teatro
  • Número del congreso/reunión o número de parte o sección: (6o. :
  • Fecha del congreso/reunión: 2009 jun. 17-24 :
  • Sede del congreso/Lugar de la reunión: Santo Domingo)

670 ## - FUENTE DE DATOS ENCONTRADOS

  • Cita de la fuente: Work cat.: (OSt)26563: Festival Internacional de Teatro (6o. : 2009 jun. 17-24 : Santo Domingo), VI Festival internacional de teatro Santo Domingo 2009., [2009?].

Con tecnología Koha